[Event "Corus"]
[Site "Wijk aan Zee"]
[Date "2004.01.24"]
[Round "12"]
[White "Sokolov, Ivan"]
[Black "Kramnik, Vladimir"]
[Result "1-0"]
[WhiteElo "2706"]
[BlackElo "2777"]
[Annotator "Ftacnik,L"]
[PlyCount "81"]
[EventDate "2004.01.10"]
[EventType "tourn"]
[EventRounds "13"]
[EventCountry "NED"]
[EventCategory "19"]
[SourceTitle "CBM 099"]
[Source "ChessBase"]
[SourceDate "2004.03.30"]
[SourceVersion "1"]
[SourceVersionDate "2004.03.30"]
[SourceQuality "1"]

{[%mdl 1]} 1. d4 Nf6 2. c4 e6 3. Nf3 b6 4. a3 Bb7 5. Nc3 d5 6. cxd5 Nxd5 7. Qc2
Nxc3 8. bxc3 c5 9. e4 Nc6 10. Be3 Be7 11. d5 $5 $146 {[%mdl 8] Logical move,
that is rather unpleasant for black.} (11. Bd3 cxd4 12. cxd4 Rc8 13. Qe2 O-O
14. O-O Na5 15. Rfd1 Kh8 16. Qa2 Rc3 17. a4 f5 18. Ne5 fxe4 19. Bb5 a6 20. Bf1
Bd5 {1/2-1/2 Shamkovich,L-Morris,W/Gausdal/1982/ (37)}) (11. Qa2 O-O 12. Rd1
Qc7 13. Bd3 Na5 14. O-O c4 15. Bc2 f6 16. d5 e5 17. Nh4 g6 18. Ba4 f5 19. d6
Bxd6 20. exf5 gxf5 21. Bh6 Rf6 22. Bg5 Rf7 23. Qd2 Be7 {0-1 Hansen,
H-Carstensen,J/Copenhagen 2000/ (38)}) 11... exd5 12. Rd1 d4 (12... O-O 13.
exd5 Na5 14. Bd3 $1 g6 15. c4 b5 16. cxb5 c4 17. Be2 $16) 13. cxd4 O-O (13...
cxd4 14. Nxd4 Nxd4 (14... Qc7 15. Bb5 Rc8 16. Nf5 $1 $16) 15. Rxd4 Qc8 16. Bb5+
Kf8 17. Qd3 $14) 14. d5 $1 {Sokolov is showing ambitions, otherwise he could
have accepted safe equality with} (14. dxc5 Qc7 15. cxb6 (15. Bd3 Rfc8 16. cxb6
axb6 17. Qb3 Ne5 18. Nxe5 Qxe5 $11) 15... axb6 16. a4 Bc5 17. Bxc5 Nb4 18. Qc3
bxc5 $11) 14... Nd4 (14... Na5 15. Bd2 Bd6 16. Bxa5 bxa5 17. Bd3 $16) 15. Qb2 (
15. Nxd4 cxd4 16. Bxd4 Bxa3 $1 17. Bxg7 Bb4+ 18. Ke2 Re8 19. f3 Bxd5 $13) 15...
Re8 (15... Nxf3+ 16. gxf3 Re8 17. f4 Bf8 18. Bg2 $13) 16. Bxd4 (16. Nxd4 cxd4
17. Bxd4 Qxd5 $1 18. f3 (18. exd5 $2 Bb4#) (18. Bxg7 Qxe4+ 19. Be2 Bxa3 $19)
18... Qa5+ $15) 16... cxd4 17. Bb5 Bxa3 $1 (17... Rf8 18. Nxd4 $16) 18. Qxd4 (
18. Qxa3 Rxe4+ 19. Kf1 Qxd5 20. Bd3 Rf4 $44) 18... Bc5 19. Qd3 Bb4+ 20. Kf1 Rf8
{Kramnik chooses somewhat controversial retreat with the rook. Black has two
bishops and crucial majority on the queenside, but his kingside is potentially
vulnerable.} (20... Re7 21. Nd4 (21. e5 $6 Rc7 $15) 21... a5 22. g3 Rc7 23. Nc6
Bxc6 24. Bxc6 Rb8 25. f4 $14) 21. Nd4 Qc8 22. h4 $5 Bc5 (22... Bd6 23. Nf5 Qc7
24. Bc6 $1 $14) 23. h5 Qg4 (23... a6 24. Ba4 (24. Bc6 a5 (24... Bxd4 25. Bxb7
Qxb7 26. Qxd4 h6 27. Rh3 $14) 25. h6 g6 26. Bxb7 Qxb7 $13) 24... b5 25. Bb3 Qd7
26. Nf5 Rfe8 27. Qg3 $16) 24. Nf3 Rad8 (24... a6 25. Rh4 Qc8 26. Ba4 b5 27. Bc2
$14) 25. Rh4 Qc8 26. Bc4 (26. h6 $5 g6 27. Bc4 a5 (27... a6 28. Qc3 f6 29. d6+
Kh8 30. Rf4 $18) 28. Ng5 $14) 26... b5 $2 {In order to activate pieces black
is sacrificing half his proud queenside pride.} (26... h6 27. e5 a5 28. d6 $14)
27. Bxb5 Bb6 (27... f5 28. h6 fxe4 29. Qxe4 g6 30. Qe5 Rf7 31. Rc4 $16) 28. h6
g6 (28... Qc5 29. Rd2 g6 30. Bc4 $16) 29. Qb3 Qc5 30. Qb2 f6 31. Rf4 (31. Nd4
$1 a6 32. Bc6 $16) 31... Bc7 $2 {The defense remains a difficult topic even
for best players.} ({Much better was to hold the position with} 31... Qd6 $1
32. g3 Bc5 33. Nd2 Rf7 34. Nb3 Bb6 $14) 32. Rc1 Qb6 33. Rxc7 $1 Qxc7 34. Rxf6
Rxf6 (34... Bc8 35. d6 $1 Rxd6 36. Rxf8+ Kxf8 37. Qh8+ Ke7 38. Qg7+ Kd8 39.
Qf8#) 35. Qxf6 Rf8 (35... a6 36. Ba4 $18) (35... Qc1+ 36. Ne1 $18) 36. Qb2 Rc8
37. d6 $1 Qc1+ (37... Qf7 38. Ng5 Qf8 39. d7 $18) 38. Qxc1 Rxc1+ 39. Ke2 {
Despite spare exchange black is unable to stop running white pawns.} Rc8 (39...
Rc2+ 40. Kd3 Rc8 41. Ng5 $18) 40. Ng5 a6 41. Ba4 (41. Ba4 Bc6 42. Bxc6 Rxc6 43.
e5 Rb6 (43... Kf8 44. Nxh7+ $18) 44. d7 Rb8 45. Ne6 $18) 1-0

[Event "Corus"]
[Site "Wijk aan Zee"]
[Date "2004.01.10"]
[Round "1"]
[White "Bologan, Viktor"]
[Black "Zhang, Zhong"]
[Result "1/2-1/2"]
[WhiteElo "2679"]
[BlackElo "2639"]
[Annotator "Ftacnik,L"]
[PlyCount "65"]
[EventDate "2004.01.10"]
[EventType "tourn"]
[EventRounds "13"]
[EventCountry "NED"]
[EventCategory "19"]
[SourceTitle "CBM 099"]
[Source "ChessBase"]
[SourceDate "2004.03.30"]
[SourceVersion "1"]
[SourceVersionDate "2004.03.30"]
[SourceQuality "1"]

1. d4 Nf6 2. c4 e6 3. Nf3 b6 4. a3 Ba6 5. Qc2 Bb7 6. Nc3 c5 7. e4 cxd4 8. Nxd4
Bc5 9. Nb3 Nc6 10. Bg5 h6 11. Bh4 Nd4 12. Nxd4 Bxd4 13. Bd3 Qb8 14. Bg3 Be5 15.
O-O-O O-O 16. Kb1 Rc8 17. Qe2 a6 (17... d6 18. Bxe5 dxe5 19. f3 (19. Qe3 Bc6
20. Rd2 a6 21. Rhd1 (21. f3 Be8 22. Rhd1 Qc7 23. Be2 Nd7 24. Rd6 Nc5 25. b4 Nd7
26. Kb2 {1/2-1/2 Khenkin,I-Hracek,Z/Germany 2001/ (32)}) 21... Qb7 22. f3 Be8
23. Be2 Nd7 24. Rd6 Nc5 25. b4 Nd7 26. Na4 Rc6 27. Kb2 {1-0 Khenkin,I-Markos,J/
Kaskady 2002/ (53)}) (19. g4 Nh7 20. h4 f6 21. Bc2 Ba6 (21... Qc7 22. Bb3 Qe7
23. Rd2 Ba6 24. Rhd1 Nf8 25. h5 Rc7 {1/2-1/2 Tkachiev,V-Zhang Zhong/Shanghai
2001/ (38)}) 22. Nb5 Bxb5 23. cxb5 Qc7 24. Bb3 Qe7 25. Rc1 Qe8 26. Qd3 Nf8 {
1/2-1/2 Begovac,F-Dizdarevic,E/Pula 1993/ (33)}) 19... Ne8 20. Rc1 Qd6 21. Ka2
Nc7 22. Rhd1 Qe7 23. b4 Na6 24. Qe3 Nb8 25. Bf1 Nc6 26. Kb2 Rd8 {1/2-1/2 Hjelm,
N-Lehikoinen,P/Stockholm 2004/ (50)}) 18. Rhe1 $6 {[%mdl 4] This general
development move is not rising to the challenge of the position.} (18. Bxe5
Qxe5 19. Rhf1 b5 20. f4 Qc5 21. cxb5 axb5 22. Rc1 b4 23. Nd5 Qxc1+ 24. Rxc1
Rxc1+ 25. Kxc1 exd5 26. e5 {1-0 Eljanov,P-Farago,I/Ljubljana 2002/ (33)}) (18.
Rhf1 d6 19. Bxe5 dxe5 20. f4 Rd8 21. f5 Rd4 22. fxe6 fxe6 23. Bc2 Nd7 24. Qe3
Qd6 25. Ne2 Rxd1+ 26. Rxd1 Qc7 {1/2-1/2 Bagaturov,G-Gruenfeld,Y/Athens 1997/ 
(58)}) 18... b5 $1 19. cxb5 axb5 20. Nxb5 (20. Bxe5 Qxe5 21. Nxb5 Rcb8 22. f4
Qxf4 23. e5 Ne8 $15) (20. Bxb5 Bxg3 21. hxg3 Nxe4 $1) 20... Bxg3 21. hxg3 Nxe4
$1 {Zhang Zhong has completely opened up the queenside against enemy king and
it has not even cost him a pawn!} 22. Bxe4 (22. f3 $2 Nc5 23. Nd6 Rc6 24. Qe5
Rxd6 25. Qxc5 Bd5 $19) 22... Bxe4+ 23. Qxe4 Qxb5 24. Qd3 Qb7 (24... Qc5 25. Re2
d5 26. Rc2 Qb6 $17) 25. Qxd7 Qxg2 26. Qd4 Rcb8 (26... Qf3 27. Rd2 Qf5+ 28. Qe4
Qb5 $17) 27. Qe3 Rb5 {Black is much better, since his king, unlike the one of
Bologan, is very safe.} (27... Qc6 28. Rd2 Qa4 $17) 28. Re2 (28. Qe4 Qxe4+ 29.
Rxe4 Rxa3 $17) 28... Qb7 29. Ka2 Rb8 30. Qc3 Rc8 (30... Rc5 31. Qb4 Qa7 32. Rd7
Rc7 33. Rxc7 Qxc7 $15) 31. Qe3 Rb8 32. Qc3 Rc8 33. Qe3 1/2-1/2

[Event "Dortmund SuperGM 23rd"]
[Site "Dortmund"]
[Date "1995.07.20"]
[Round "6"]
[White "Lobron, Eric"]
[Black "Karpov, Anatoly"]
[Result "0-1"]
[WhiteElo "2595"]
[BlackElo "2775"]
[Annotator "Ftacnik,L"]
[PlyCount "62"]
[EventDate "1995.07.14"]
[EventType "tourn"]
[EventRounds "9"]
[EventCountry "GER"]
[EventCategory "17"]
[SourceTitle "CBM 048"]
[Source "ChessBase"]
[SourceDate "1995.10.01"]
[SourceVersion "1"]
[SourceVersionDate "1995.10.01"]
[SourceQuality "1"]

1. d4 {Dautov} Nf6 2. c4 e6 3. Nf3 b6 4. a3 Bb7 5. Nc3 d5 6. cxd5 Nxd5 7. e3 g6
8. Bb5+ c6 9. Bd3 Bg7 10. Ne2 $6 (10. h4 O-O 11. h5 c5 12. Ne4 cxd4 13. exd4
Nc6 14. hxg6 hxg6 15. Nfg5 f5 16. Qf3 fxe4 17. Qxe4 Qf6 18. Qh4 Rfd8 19. Qh7+
Kf8 20. Ne4 Qxd4 21. Rh3 Ne5 22. Bc2 Nb4 23. axb4 Bxe4 24. Bh6 {Meyer,
P-Lautier,J/Voba/1987/0-1 (75)}) (10. O-O O-O 11. Nxd5 (11. e4 Nxc3 12. bxc3 c5
13. Bg5 Qc7 14. Qd2 Nd7 15. Rfe1 Rfe8 16. h4 (16. Qe3 a6 17. a4 Bc6 18. e5 b5
19. Nd2 c4 20. Bc2 Nb6 21. Ne4 Bxe4 22. Bxe4 Rab8 23. axb5 axb5 24. Qf3 {
Spiess-Meier,V/GER-CupT f/1992/1-0 (37)}) 16... Rac8 17. h5 e5 18. Rac1 Qd6 19.
d5 c4 20. Bf1 Ba6 21. Qa2 b5 22. a4 bxa4 23. Qxa4 Nc5 24. Qa2 {Borovikov,
V-Brodskij,M/Nikolaev zt/1993/1-0 (46)}) 11... cxd5 12. Bd2 Nc6 13. Rc1 Rc8 14.
Qa4 Rc7 15. Bb5 Qc8 16. Rc3 a6 17. Bxc6 Rxc6 18. Rfc1 Rc4 19. Rxc4 dxc4 20.
Qxc4 Qa8 21. Qe2 Rd8 22. Bc3 Rc8 23. Re1 Be4 24. Nd2 {Tarjan,J-Adorjan,A/Vrsac/
1983/1-0 (55)}) (10. e4 Nxc3 11. bxc3 O-O (11... c5 12. Bg5 Qd6 13. e5 Qd7 14.
dxc5 O-O 15. cxb6 axb6 16. O-O Qc7 17. Bb5 Bxe5 18. Bh6 Bg7 19. Bxg7 Kxg7 20.
Qd4+ Kg8 21. Ng5 h6 22. Ne4 Bxe4 23. Qxe4 Na6 24. Qe3 {Kasparov,G-Kortschnoj,V/
London (m/1)/1983/0-1 (52)}) 12. Bg5 Qd6 (12... Qc7 13. h4 c5 14. Qd2 Nd7 15.
h5 cxd4 16. cxd4 Rac8 17. hxg6 hxg6 18. Bh6 Qc3 19. Qxc3 Rxc3 20. Kd2 Rfc8 21.
Bxg7 Kxg7 22. a4 Rb3 23. Rhc1 Rb2+ 24. Ke3 {Hoi,C-Levitt,J/Copenhagen op/1988/
0.5 (35)}) 13. Qd2 c5 14. Bf4 Qd7 15. Bh6 Nc6 16. Bxg7 Kxg7 17. Bb5 cxd4 18.
cxd4 a6 19. Be2 Rad8 20. Rd1 Na5 21. d5 Kg8 22. Qe3 Qd6 23. h4 exd5 24. e5 {
Ftacnik,L-Adorjan,A/Banjaluka/1983/1-0 (36)}) 10... c5 $1 (10... O-O 11. e4 Nf6
(11... Ne7 {Dautov} 12. Be3 Nd7 13. Qb3 $5 $14) 12. O-O (12. e5 Nd5 13. Bg5 $14
) (12. Bg5 h6 13. Bxf6 Qxf6 14. e5 Qe7 15. Be4 c5 $10)) 11. dxc5 (11. e4 Nf6
12. Bg5 (12. e5 $6 Nfd7 $15) (12. dxc5 $6 Nxe4 $15) 12... h6 {Dautov} 13. Bxf6
Bxf6 14. Bb5+ Bc6 (14... Nd7 $5 15. dxc5 bxc5 16. Nc3 Ke7 $1 $10 {/\Ne5}) 15.
Bxc6+ Nxc6 16. Qa4 Qd7 17. dxc5 Ne5 $1 18. Qxd7+ Nxd7 19. c6 Nc5 $10) 11...
bxc5 12. Qc2 (12. Bb5+ Nd7) (12. e4 $1 {Dautov >=} Nb6 13. Bg5 Qc7 (13... Qc8
14. b3 $5 Bxa1 15. Qxa1 Rg8 16. O-O $44 {[%cal Ra1h8]}) 14. Bf4 e5 15. Be3 N8d7
16. O-O O-O 17. Rc1 $10) 12... Nd7 13. e4 (13. O-O N5b6) (13. Rb1 {Dautov} O-O
14. O-O $10 {/\b3,Bb2}) 13... N5b6 14. Nc3 (14. O-O $2 c4 $1 15. Bxc4 Rc8 {
Dautov} 16. Nd2 Ba6 $19) 14... c4 15. Be2 Nc5 16. O-O (16. Bg5 Nd3+ 17. Bxd3
Qxd3 $15) 16... Qc7 {[%csl Rd3,Re4][%cal Rh8a1] /^a1-h8,><e4,d3} 17. Bg5 (17.
Be3 O-O 18. Nd2) 17... O-O 18. Nd2 Rfc8 $1 {[%csl Yb2,Yb3,Ye4,Rc4] White can
hope, that weakness of c4P pays handsomely, but all black pieces are very
active and white has weaknesses as well. Dautov Die Unterstützung des Pc4
übernimmt dieser R, der andere wird später auf der b-Linie sehr nützlich.} 19.
f4 $6 a5 20. e5 {[%csl Yf4,Yg5] Blocks the Bg7, but his colleague on g5 will
become even more limited. /\Nxc4} Ba6 21. Nde4 (21. Rac1 Nd3) 21... Nxe4 22.
Nxe4 {Weiß baute konsequent die Bauernbarriere e5-f4 auf, aber mit seinem
nächsten Zug zeigt Karpov, daß dadurch im weißen Lager neue Schwächen
entstanden sind.} Nd5 {[%csl Rb2,Re3,Rf4] ><e3,f4,b2} 23. Qd2 (23. Nd6 Rcb8 (
23... Ne3 24. Qe4 Nxf1 25. Nxc8 Rxc8 26. Kxf1 Bb7 $17) 24. Rf2 h6 25. Bh4 c3
$17) (23. Rf2 {Dautov} Qb6 (23... Bf8 $15) 24. Nd6 Rc7 $15 {/\Bf8} (24... Bf8
$5 25. Nxc8 Rxc8 26. Bf3 Bc5 27. g3 Rb8 $15)) 23... Rab8 24. Nd6 {[%cal Yb8b2,
Yc4c3] Usually a very unpleasant location in the heart of the opponents
position, but here black entertains lot of counterplay.} (24. Rad1 Qb6+ 25. Rf2
h6 26. Bh4 c3 27. Nxc3 Nxc3 28. bxc3 Bxe2 29. Qxe2 Rxc3 30. Be7 Rbc8 $17) 24...
Qb6+ 25. Kh1 Rc5 26. Rac1 (26. Ne4 Rb5 27. b4 axb4 28. Bxc4 Ra5 29. Bxa6 Qxa6
$17) (26. Rab1 $2 {Dautov} c3 27. bxc3 Qxb1 28. Rxb1 Rxb1+ 29. Bd1 Nxc3 $19)
26... Qxb2 27. Qxb2 Rxb2 {[%csl Rf4] Apart from other troubles f4P is much
weaker than one would susupect.} 28. Bxc4 Bxc4 29. Nxc4 $6 (29. Rxc4 Rxc4 30.
Nxc4 Ra2 (30... Rc2 {Dautov} 31. Nxa5 h6 32. Bh4 Nxf4 $17 {><e5}) 31. Nxa5 h6
32. Bh4 Nxf4 $17) 29... Rb8 $1 {/\Rbc8} 30. Nd6 (30. g3 $2 Rbc8) 30... Rxc1 31.
Rxc1 h6 (31... h6 32. Bf6 (32. Bh4 Nxf4 33. Bf6 Nd3 (33... Bxf6 {Dautov} 34.
exf6 Nd5 35. Ne4 g5 36. g4 Kh7 $19) 34. Rf1 Bxf6 35. exf6 Rb3 $19) 32... Nxf6
33. exf6 Bxf6 $19) 0-1

[Event "EU-chT (Men) 12th"]
[Site "Batumi"]
[Date "1999.12.05"]
[Round "7.1"]
[White "Bagirov, Rufat"]
[Black "Palac, Mladen"]
[Result "0-1"]
[WhiteElo "2471"]
[BlackElo "2610"]
[Annotator "Ftacnik,L"]
[PlyCount "66"]
[EventDate "1999.11.06"]
[EventType "team-swiss"]
[EventRounds "9"]
[EventCountry "GEO"]
[SourceTitle "CBM 074"]
[Source "ChessBase"]
[SourceDate "2000.02.01"]
[SourceVersion "1"]
[SourceVersionDate "2000.02.01"]
[SourceQuality "1"]
[WhiteTeam "Azerbaijan"]
[BlackTeam "Croatia"]
[WhiteTeamCountry "AZE"]
[BlackTeamCountry "CRO"]

1. d4 Nf6 2. c4 e6 3. Nf3 b6 4. a3 Bb7 5. Nc3 d5 6. cxd5 Nxd5 7. Bd2 Nd7 8. Qc2
c5 9. e4 (9. Nxd5 Bxd5 10. e4 Bb7 11. Rd1 cxd4 12. Nxd4 a6 13. Bc3 Qc7 14. Be2
Be7 15. O-O O-O 16. f3 Rac8 17. Qd2 Rfd8 18. Bb4 Nc5 19. Qe1 Bf6 20. Qf2 Na4 {
0-1 Anastasian,A-Dive,R/Moscow/1994/ (55)}) 9... Nxc3 10. Bxc3 cxd4 11. Nxd4 a6
12. Rd1 (12. g3 $5) 12... Qc7 13. Be2 Be7 14. O-O O-O 15. f4 (15. f3) 15...
Rac8 16. Kh1 $6 {Bagirov wasted a useful tempo, black will get a chance to
clear the central structure to his advantage.} (16. e5 $5 Nc5 (16... Bxa3 17.
bxa3 Qxc3 18. Qxc3 Rxc3 19. Nxe6 fxe6 20. Rxd7 Bd5 21. Bxa6 Rxa3 $15) 17. Bf3
Bxf3 18. Rxf3 $11) 16... Nc5 (16... Bxa3 17. Qa4 Bd6 18. e5 Bc5 19. Nxe6 Bc6
20. Nxc7 Bxa4 21. Ra1 Rxc7 22. Rxa4 a5 23. Rd1 $14) 17. e5 (17. Bf3 $2 Qxf4 $17
) 17... Be4 18. Qd2 Qb7 19. Bg4 (19. Bf3 Rfd8 $15) 19... Rfd8 20. Qe2 g6 (20...
Na4 21. Bb4 $11) 21. Bb4 Rc7 22. Rfe1 (22. Rd2 a5 23. Bc3 Na4 24. Nb5 Rxd2 25.
Qxd2 Rd7 $15) 22... Bd5 23. Bf3 Rcd7 {All black pieces are on ideal squares,
white has exposed pawns e5,f4.} 24. Bxd5 (24. b3 b5 25. Bxd5 Rxd5 26. Bc3 Qd7
$17) 24... Rxd5 25. Bc3 (25. Nf3 Nd3 $1 26. Rxd3 (26. Rf1 Bxb4 27. axb4 Nf2+
$19) 26... Rxd3 27. Bd6 R3xd6 28. exd6 Bxd6 $17) 25... Na4 $1 26. Qg4 (26. Nc2
Nxc3 27. bxc3 Rxd1 28. Rxd1 Rxd1+ 29. Qxd1 Qe4 $17) 26... Qd7 27. Rd3 Bc5 (
27... Bxa3 $1 28. bxa3 Nxc3 29. Rxc3 Rxd4 30. h3 Rd1 $17) 28. Red1 Bxa3 $1 {
Material dividents from an excellent positional set up.} 29. Rh3 (29. bxa3 Nxc3
30. Rxc3 Rxd4 31. Rf1 Rd1 $19) 29... Bxb2 30. Qh4 f5 (30... h5 $19) 31. Bb4 (
31. exf6 Bxc3 $19) 31... Nc5 $1 (31... Bxd4 $2 32. Be7 h5 33. Rg3 $132) 32. Qh6
Rxd4 33. Rxd4 Bxd4 0-1

[Event "Montreal WCT"]
[Site "Montreal"]
[Date "2005.01.18"]
[Round "5"]
[White "Hebert, Jean"]
[Black "Fedorowicz, John P"]
[Result "0-1"]
[WhiteElo "2410"]
[BlackElo "2507"]
[Annotator "Ftacnik,L"]
[PlyCount "84"]
[EventDate "2005.01.15"]
[EventType "tourn"]
[EventRounds "9"]
[EventCountry "CAN"]
[EventCategory "10"]
[SourceTitle "CBM 105"]
[Source "ChessBase"]
[SourceDate "2005.04.11"]
[SourceVersion "1"]
[SourceVersionDate "2005.04.11"]
[SourceQuality "1"]

1. Nf3 Nf6 2. d4 e6 3. c4 b6 4. a3 Bb7 5. Nc3 d5 6. cxd5 Nxd5 7. Qc2 Be7 8. Bd2
Nd7 9. e4 Nxc3 10. Bxc3 Qc8 (10... Bf6 11. O-O-O (11. Rd1 Qc8 12. Bd3 Ba6 13.
O-O Bxd3 14. Rxd3 O-O 15. Rfd1 Re8 16. b4 c6 17. Bd2 Qb7 18. Rc3 Rac8 19. Rc1 {
Cramling,P-Corral Blanco,J/Spain 1990/ 1/2-1/2 (61)}) 11... Qe7 12. h4 g6 13.
Bc4 O-O-O 14. Kb1 Kb8 15. e5 Bg7 16. h5 Bd5 17. Bxd5 exd5 18. Bd2 Rc8 19. Qc6
Qe6 20. Qxe6 fxe6 21. Ng5 Rce8 22. hxg6 hxg6 23. Rxh8 Bxh8 24. Rh1 c5 25. Rh7 {
Gofshtein,L-Michalicka,M/Bratislava 1989/ 1-0}) 11. O-O-O O-O 12. h4 {Hebert
correctly plans activity against black king.} (12. Bc4 c6 13. Kb1 Rd8 $13)
12... Rd8 13. Bc4 (13. d5 Nf8 (13... exd5 14. exd5 Nf6 15. Ng5 (15. Bd3 Rxd5
16. Rhe1 Qf8 17. Bxf6 Bxf6 18. Bxh7+ Kh8 19. Rxd5 Bxd5 20. Be4 c6 $11) 15... g6
16. Qe2 Qd7 17. Qe5 Qd6 18. Qxd6 cxd6 19. Bc4 Rac8 $11) 14. Bc4 b5 15. Bxb5
exd5 16. exd5 Rxd5 $11) 13... Nf8 14. Ne5 (14. h5 h6 15. Rhe1 c6 $13) 14... a6
(14... c5 15. d5 b5 16. Bxb5 exd5 17. exd5 Bxd5 18. Ba5 Rd6 19. Nc4 $14) 15.
Ba2 b5 16. Ba5 (16. d5 a5 17. dxe6 Nxe6 18. Rxd8+ Nxd8 $11) 16... Rd6 $5 {
[%mdl 2048] Fedorowicz has found and excellent square for the rook, sometimes
it even threatens to create problems from c6 square.} 17. d5 (17. Bxc7 Bxe4 18.
Qc3 Bxg2 19. Rhg1 b4 20. axb4 Qb7 $11) (17. Bb4 f6 18. Bxd6 cxd6 19. Nd3 Bxe4
20. f3 Bxd3 21. Rxd3 d5 $11) 17... exd5 18. Bxd5 (18. Bxc7 Qe6 19. Bxd5 Bxd5
20. Rxd5 Rxd5 21. exd5 Qxd5 $15) 18... Bxd5 19. exd5 (19. Rxd5 Qe6 $15) 19...
Bf6 20. f4 (20. Bc3 Qb7 (20... b4 21. axb4 Qb7 22. Nc6 Nd7 23. Qe2 $14) (20...
c5 21. Nc6 Qg4 22. Bxf6 Rxf6 23. Qxc5 Nd7 24. Qe3 Qxg2 25. f4 $14) 21. Nc6 Bxc3
22. Qxc3 Nd7 23. Rhe1 Nf6 $11) 20... c5 $1 {The direct consequence of the
spirited 16...Rd6!? move. Black improves his structure and plans further
advances towards white king.} 21. Kb1 (21. dxc6 Bxe5 22. fxe5 Rxc6 23. Bc3 a5
$19) (21. Nc6 c4 22. Bb4 Rxc6 23. dxc6 Qxc6 $13) 21... Ng6 22. Nc6 $2 (22. Nxg6
hxg6 23. h5 gxh5 24. Rxh5 g6 25. Rh3 $14) 22... Nxf4 23. Qxc5 Qf5+ (23... Qd7
24. Bc3 Bxc3 25. Rhf1 Be5 26. Nxe5 Qf5+ 27. Nd3 Rxd5 $17) 24. Ka2 Rxd5 25. Rxd5
Nxd5 26. Rd1 (26. Re1 Rc8 27. Nd8 h5 $19) 26... Nc3+ $1 27. Qxc3 Qe6+ $5 {
Fedorowicz plays fine tactical combination, that will leave him with a sound
spare pawn.} (27... Bxc3 28. Ne7+ Kf8 29. Nxf5 Bxa5 30. Rd7 $15) 28. Qb3 Qxc6
29. g3 h6 30. Rd2 (30. Bc3 Rc8 31. Bxf6 Qxf6 $17) 30... Re8 31. Rc2 Qe6 32.
Qxe6 Rxe6 33. Bc7 h5 $1 {White pawns are fixed on the colour of his bishop.}
34. Kb3 Re4 35. Rf2 (35. Rc6 Re2 36. Rc2 Rxc2 37. Kxc2 Kh7 $19) 35... Kf8 36.
Bd6+ Ke8 37. Kc2 Kd7 38. Bf4 Ke6 (38... Rc4+ 39. Kb3 Ke6 $19) 39. Kd3 Rd4+ 40.
Ke3 Rd1 41. Rc2 Kf5 42. Ke2 Rb1 0-1

[Event "Lippstadt 12th"]
[Site "Lippstadt"]
[Date "2004.07.26"]
[Round "3"]
[White "Greenfeld, Alon"]
[Black "Romanishin, Oleg M"]
[Result "1/2-1/2"]
[WhiteElo "2555"]
[BlackElo "2541"]
[Annotator "Ftacnik,L"]
[PlyCount "69"]
[EventDate "2004.07.24"]
[EventType "tourn"]
[EventRounds "9"]
[EventCountry "GER"]
[EventCategory "10"]
[SourceTitle "CBM 103"]
[Source "ChessBase"]
[SourceDate "2004.11.11"]
[SourceVersion "1"]
[SourceVersionDate "2004.11.11"]
[SourceQuality "1"]

1. d4 Nf6 2. c4 e6 3. Nf3 b6 4. Nc3 Bb7 5. a3 Ne4 6. Nxe4 Bxe4 7. Nd2 Bb7 8. e4
d6 9. Bd3 e5 10. d5 a5 11. Rb1 (11. O-O Nd7 12. Nb1 Be7 13. Nc3 O-O 14. Rb1 Bg5
15. b4 Bxc1 16. Qxc1 Qe7 17. Qd2 Nf6 18. Rfc1 Rfb8 19. Qe3 axb4 20. axb4 Bc8 {
1/2-1/2 Khalifman,A-Kochyev,A/St Petersburg 1998/ (30)}) (11. b3 Be7 12. Rb1
O-O 13. O-O Bg5 14. b4 axb4 15. axb4 Nd7 16. Nb3 Bxc1 17. Qxc1 c5 18. dxc6 Bxc6
19. Qd2 Nf6 20. f3 Qc7 21. Ra1 Bd7 22. Qb2 Be6 {1/2-1/2 Cebalo,M-Dizdarevic,E/
Porec 1998/ (22)}) 11... Be7 12. b4 O-O 13. c5 dxc5 $1 {Romanishin is
accepting the challenge, oterwise his position would simply be worse.} (13...
bxc5 14. bxc5 Ba6 15. Bxa6 Nxa6 16. c6 $14) 14. bxa5 Rxa5 15. Nc4 Ra7 16. f4 (
16. Nxe5 c6 17. dxc6 Nxc6 18. Nxc6 Bxc6 19. Qe2 Rd7 $15) 16... exf4 17. O-O (
17. Bxf4 f5 18. O-O fxe4 19. Bxe4 Nd7 $17) 17... c6 $5 {Undermining white's
center is a great priority, black has been worried about knight b8 beeing
undeveloped.} (17... Ba6 18. Rxf4 b5 19. Ne3 c4 20. Bc2 Bc5 $15) 18. Bxf4 (18.
Nxb6 c4 (18... cxd5 19. Nxd5 Nd7 20. Rxf4 Bd6 $11) 19. Nxc4 cxd5 20. exd5 Qxd5
21. Qe2 $11) 18... b5 (18... cxd5 19. exd5 Qxd5 20. Qc2 Qh5 21. Rxb6 $13) 19.
d6 $5 (19. Ne3 c4 20. Bc2 Bxa3 $17) 19... Bg5 (19... bxc4 20. dxe7 Qxe7 21.
Bxc4 Qxe4 22. Bd6 Qxc4 23. Bxf8 $16) 20. e5 (20. Bxg5 Qxg5 21. Qf3 bxc4 22.
Bxc4 Qg6 $19) 20... Bxf4 (20... bxc4 21. Bxh7+ Kxh7 22. Qh5+ Bh6 23. Bxh6 g6 (
23... gxh6 24. Rxf7+ Rxf7 25. Qxf7+ Kh8 26. e6 $18) 24. Qh3 Bc8 25. Qe3 $16)
21. Rxf4 bxc4 22. Bxh7+ $1 {[%mdl 64] Greenfeld is raising to the challenge,
white has to accept rather unstandard material situation on the board.} (22.
Bxc4 Qe8 $17) 22... Kxh7 23. Qh5+ Kg8 24. Rh4 Qxh4 (24... f5 25. e6 $18) 25.
Qxh4 Nd7 26. Qe7 (26. Qxc4 Re8 27. Re1 Re6 $15) 26... Ba6 27. Rf1 c3 28. Rc1
Bd3 29. Rxc3 c4 30. Rc1 (30. e6 fxe6 31. Qxe6+ Rf7 32. g4 Nf8 $17) 30... Rb7
31. e6 $1 {The key idea is to unsettle black's king.} fxe6 (31... Nc5 32. exf7+
Rxf7 33. Qe8+ Kh7 34. Qxc6 Ne4 35. h3 Rbd7 36. Rxc4 Rxd6 37. Qe8 $13) 32. Qxe6+
Kh8 (32... Rf7 33. Qe8+ Nf8 34. Qxc6 $11) 33. Qh3+ Kg8 (33... Bh7 34. Qe3 $11)
34. Qe6+ Kh8 35. Qh3+ 1/2-1/2